00591nam a2200193Ii 45000010005000000030009000050080041000140200017000550400033000720410008001050840012001131000016001252450095001412640068002363000012003043360026003163370028003423380027003704790CO-ViMGA241108s9999||||xx |||||||||||||| ||und|| a978958883359 aCO-ViMGAbspaerdacCO-ViMGA0 aspa aN LAC1t1 aNina LaCour10aTodo me lleva a ti :ba veces Hollywood te permite vivir un amor enigmático... de verdad 1aBogotá, Colombia : Penguin Random House grupo editorial, 2015 avolumen atextbtxt2rdacontent aunmediatedbn2rdamedia avolumebnc2rdacarrier